000 00561nam a2200229Ia 4500
003 OSt
005 20221005121407.0
006 a|||||r|||| 00| 0
007 ta
008 221004b |||||||| |||| 00| 0 tam d
024 _a48616
037 _cTextual
040 _aCRL
_cCRL
_btam
041 _2tam
_atam
082 _aO31,1J60,1, K2
100 _aKavirasar
_9630544
245 0 _aHarichandra puranam
260 _c1962
650 _aTAMIL LANGUAGE
942 _hO31,1J60,1, K2
_cTEXL
_2cc
999 _c1041031
_d1041031